LIBRARY & INFORMATION CENTRE, KCAET, TAVANUR

ONLINE PUBLIC ACCESS CATALOGUE (OPAC)

Methods of test for stabilized soils ,IS:4332-1967, part-2 / (Record no. 10028)

MARC details
000 -LEADER
fixed length control field 00974cam a2200169ua 4500
041 ## - LANGUAGE CODE
Language code of text/sound track or separate title eng
082 ## - DEWEY DECIMAL CLASSIFICATION NUMBER
Classification number 624.131
Item number IND/ME
100 ## - MAIN ENTRY--AUTHOR NAME
Personal name , .
245 00 - TITLE STATEMENT
Title Methods of test for stabilized soils ,IS:4332-1967, part-2 /
250 ## - EDITION STATEMENT
Edition statement 1 /
260 ## - PUBLICATION, DISTRIBUTION, ETC. (IMPRINT)
Place of publication New Delhi :
Name of publisher Indian standards institution ,
Year of publication 1968.
300 ## - PHYSICAL DESCRIPTION
Number of Pages 18 ; .
942 ## - ADDED ENTRY ELEMENTS (KOHA)
Koha item type Books
Holdings
Withdrawn status Lost status Damaged status Home library Current library Date acquired Full call number Accession Number Koha item type
      KAUAET KAUAET 07/04/2012 624.131 17167 Standards
free website counter